UBT Library

Value, capital and growth; (Record no. 42988)

000 -LEADER
fixed length control field 00660cam a22002291 4500
001 - CONTROL NUMBER
control field 2648495
005 - DATE AND TIME OF LATEST TRANSACTION
control field 20180221034450.0
008 - FIXED-LENGTH DATA ELEMENTS--GENERAL INFORMATION
fixed length control field 700928s1968 stka b 010 0 eng
010 ## - LIBRARY OF CONGRESS CONTROL NUMBER
LC control number 68019877
015 ## - NATIONAL BIBLIOGRAPHY NUMBER
National bibliography number B***
040 ## - CATALOGING SOURCE
Original cataloging agency DLC
Transcribing agency DLC
Modifying agency DLC
041 ## - LANGUAGE CODE
Language code of text/sound track or separate title eng
080 ## - UNIVERSAL DECIMAL CLASSIFICATION NUMBER
Universal Decimal Classification number 330.1 WOL
082 00 - DEWEY DECIMAL CLASSIFICATION NUMBER
Classification number 330.1 WOL
100 ## - Rafti
Rafti 52
101 ## - Shkurtesa
Shkurtesa EKO
245 00 - TITLE STATEMENT
Title Value, capital and growth;
Statement of responsibility, etc Edited by J. N. Wolfe.
504 ## - BIBLIOGRAPHY, ETC. NOTE
Bibliography, etc Biographical and bibliographical data of Sir John Hicks: p. 531-537.
504 ## - BIBLIOGRAPHY, ETC. NOTE
Bibliography, etc Bibliography: p. 539-552.
906 ## - LOCAL DATA ELEMENT F, LDF (RLIN)
a 7
b cbc
c orignew
d u
e ncip
f 19
g y-gencatlg
942 ## - ADDED ENTRY ELEMENTS (KOHA)
Source of classification or shelving scheme
Item type Books
Holdings
Withdrawn status Lost status Source of classification or shelving scheme Damaged status Not for loan Collection code Permanent location Current location Shelving location Date acquired Total Checkouts Full call number Barcode Date last seen Price effective from Koha item type
          Koleksioni i përgjithshem UBT - Lipjan UBT - Lipjan Koleksioni i përgjithshem 02/21/2018   330.1 WOL 002-2998285 02/21/2018 02/21/2018 Books
UBT Library © 2015-2024. All rights reserved University Education for Business and Technology